1970s Movies A-Z Quiz Stats

 Plays Quiz Updated Mar 1, 2019

Score 0/25 Timer 06:00
3 Plays Today
% Correct
Jaws
98.3%
The Godfather
97.3%
Star Wars: Episode IV- A New Hope
96.9%
Rocky
96.6%
Carrie
92%
The Exorcist
91.8%
Halloween
88.8%
Willy Wonka & the Chocolate Factory
88.7%
One Flew Over the Cuckoo's Nest
87.2%
Annie Hall
86.6%
Kramer vs. Kramer
82.8%
Taxi Driver
80.6%
Blazing Saddles
80.6%
% Correct
Young Frankenstein
78.2%
Zorro
76.6%
The Deer Hunter
76.2%
Patton
73.7%
Mad Max
73.2%
The French Connection
65%
Network
58.9%
Up in Smoke
53.1%
Last Tango in Paris
46.3%
Invasion of the Body Snatchers
33.8%
Quadrophenia
16.1%
Vanishing Point
7.6%

You're not logged in!

Compare scores with friends on all Sporcle quizzes.
OR
Log In

Sporcle TV

Today on Sporcle TV


Watch our educational content, quiz creation guides, and fun videos on Sporcle TV.

Show Comments

Extras

Top Quizzes Today


Score Distribution

Your Account Isn't Verified!

In order to create a playlist on Sporcle, you need to verify the email address you used during registration. Go to your Sporcle Settings to finish the process.

Report this User

Report this user for behavior that violates our Community Guidelines.

Details: